000 00859nam a2200217Ii 4500
003 JO-AjNU
008 230605s9999||||xx |||||||||||||| ||und||
017 _a1997/9/1300
040 _aJO-AjNU
_bara
_erda
_cJO-AjNU
041 _aara
050 1 4 _aHF5679.R38 1997
100 3 _aتأليف: الراوي، حكمت احمد,
_eauthor
_914123
245 0 0 _aتطبيقات المحاسبة على الحاسوب = Accounting Computer Applications
250 _aط1
264 3 1 _aعمان: دار المستقبل للنشر والتوزيع، 1997
300 _a342ص
_bيحتوي على تعاريف ومصطلحات علمية في الحاسوب وببلوغرافية من ص305-342ص
336 _atext
_btxt
_2rdacontent
337 _aunmediated
_bn
_2rdamedia
338 _avolume
_bnc
_2rdacarrier
650 4 _aالمحاسبة - الحاسوب
_914124
999 _aA3692
_c7260
_d7260